000 00480nam a2200181Ia 4500
005 20250508154728.0
008 008 250505s9999 xx 000 0 eng d
037 _aTextual
040 _aFEDL
_beng
_cFEDL
041 _aeng
_2eng
084 _a901, WHI
_qFEDL
100 _aWhitehead Alfred North
245 0 _aAdventures of ideas
260 _aNew York, USA
_bThe Free Press
_c1933
300 _ax,307p
942 _cTEXL
_h901, WHI
999 _c1351831
_d1351831